00374 a2200121 4500001001000000005001700010008004100027245004900068100002600117700002000143773007200163999001700235ART_1187420260410161901.0260409a 10aPigouvian taxation with administrative costs1 aPolinsky, A. Mitchell1 aShavell, Steven0 tJournal of public economicsg- Vol. 19, NÂș 3 (dic. 1982)wREV11485 c25920d25920